100 Biggest Cities of the Great Lakes Megalopolis with a Map - Statistics

General Stats
  • This quiz has been taken 498 times
  • The average score is 53 of 100
Answers on the Map
Answers color-coded by a green-red scale on the quiz's map according to % correct below.
 
Answer Stats
Population State /
Province
City % Correct
2,664,452 IL Chicago
100%
3,130,201 ON Toronto
98%
633,218 MI Detroit
97%
879,293 IN Indianapolis
97%
561,385 WI Milwaukee
97%
425,115 MN Minneapolis
97%
274,678 NY Buffalo
95%
311,097 OH Cincinnati
95%
362,656 OH Cleveland
95%
913,175 OH Columbus
95%
303,820 MN Saint Paul
94%
510,704 MO Kansas City
93%
152,933 KS Kansas City
93%
303,255 PA Pittsburgh
93%
281,754 MO St. Louis
93%
622,981 KY Louisville
90%
280,305 WI Madison
89%
207,274 NY Rochester
88%
122,413 MN Rochester
88%
265,304 OH Toledo
88%
92,957 PA Erie
87%
105,744 WI Green Bay
87%
112,544 IL Springfield
85%
188,701 OH Akron
84%
196,608 MI Grand Rapids
83%
112,115 MI Lansing
82%
87,680 MN Duluth
81%
472,539 ON London
81%
105,281 ON Niagara Falls
79%
616,455 ON Hamilton
77%
119,381 MI Ann Arbor
76%
135,512 OH Dayton
76%
255,689 ON Windsor
75%
269,994 IN Fort Wayne
74%
79,661 MI Flint
73%
103,395 IN South Bend
68%
761,498 ON Mississauga
66%
110,460 IL Peoria
66%
125,475 KS Topeka
66%
98,211 WI Kenosha
62%
177,563 IL Aurora
60%
150,489 IL Joliet
59%
150,245 IL Naperville
58%
146,120 IL Rockford
58%
87,398 MN Bloomington
56%
78,840 IN Bloomington
56%
78,587 IL Bloomington
56%
100,354 IA Davenport
56%
197,089 KS Overland Park
54%
105,811 MI Dearborn
52%
301,147 ON Kitchener
51%
745,004 ON Brampton
47%
89,189 IL Champaign
46%
76,602 WI Racine
46%
120,922 MO Independence
43%
136,655 MI Warren
43%
147,461 KS Olathe
42%
102,296 IN Carmel
41%
113,310 IL Elgin
38%
96,207 KS Lawrence
37%
133,306 MI Sterling Heights
37%
156,484 ON Guelph
34%
76,193 IN Hammond
33%
196,604 ON Oshawa
33%
149,903 ON St. Catharines
33%
87,642 IL Waukegan
33%
77,940 ON Sarnia
32%
162,557 ON Barrie
31%
104,094 IN Fishers
29%
344,900 ON Vaughan
29%
110,196 ON Chatham-Kent
28%
104,184 MO Lee's Summit
28%
78,951 OH Parma
28%
138,688 ON Waterloo
28%
358,715 ON Markham
27%
87,339 MI Troy
27%
81,004 IL Cicero
26%
92,185 MI Livonia
26%
135,436 ON Ajax
24%
155,682 ON Cambridge
24%
90,960 ON Peterborough
24%
77,451 MI Wyoming
24%
196,403 ON Burlington
23%
232,371 ON Oakville
23%
94,074 MO O'Fallon
23%
82,017 MN Brooklyn Park
22%
115,349 ON Brantford
21%
77,648 MN Plymouth
20%
213,839 ON Richmond Hill
20%
82,528 MI Farmington Hills
18%
154,824 ON Whitby
18%
109,050 ON Pickering
17%
148,116 ON Milton
16%
82,574 MI Westland
15%
76,243 MN Lakeville
14%
92,838 ON Newmarket
14%
79,538 MN Woodbury
14%
84,281 ON Kawartha Lakes
11%
86,391 ON Caledon
8%
111,632 ON Clarington
7%
No matching quizzes found
Score Distribution
Percent of People with Each Score
Percentile by Number Answered
Your Score History
You have not taken this quiz